MyGZULibrary

The use of psychology in teaching, (Record no. 2792)

MARC details
000 -LEADER
fixed length control field 00778cam a22002651 4500
001 - CONTROL NUMBER
control field 8942765
003 - CONTROL NUMBER IDENTIFIER
control field GZU
005 - DATE AND TIME OF LATEST TRANSACTION
control field 20201106103030.0
008 - FIXED-LENGTH DATA ELEMENTS--GENERAL INFORMATION
fixed length control field 790720s1966 enka b 000 0 eng
010 ## - LIBRARY OF CONGRESS CONTROL NUMBER
LC control number 66072096
015 ## - NATIONAL BIBLIOGRAPHY NUMBER
National bibliography number B 66-10873
035 ## - SYSTEM CONTROL NUMBER
System control number (OCoLC)5191569
040 ## - CATALOGING SOURCE
Original cataloging agency DLC
Transcribing agency ICIU
Modifying agency ICIU
-- Uk
-- DLC
042 ## - AUTHENTICATION CODE
Authentication code premarc
050 00 - LIBRARY OF CONGRESS CALL NUMBER
Classification number LB1051
Item number .D45
082 ## - DEWEY DECIMAL CLASSIFICATION NUMBER
Classification number 370.15
100 1# - MAIN ENTRY--PERSONAL NAME
Personal name Derville, Leonore M. T.
245 14 - TITLE STATEMENT
Title The use of psychology in teaching,
Statement of responsibility, etc. by Leonore M. T. Derville.
260 ## - PUBLICATION, DISTRIBUTION, ETC.
Place of publication, distribution, etc. London,
Name of publisher, distributor, etc. Longmans,
Date of publication, distribution, etc. 1966.
300 ## - PHYSICAL DESCRIPTION
Extent vi, 154 p.
Other physical details tables, diagrs.
Dimensions 21 cm.
504 ## - BIBLIOGRAPHY, ETC. NOTE
Bibliography, etc. note Includes bibliographical references.
650 #0 - SUBJECT ADDED ENTRY--TOPICAL TERM
Topical term or geographic name entry element Educational psychology.
906 ## - LOCAL DATA ELEMENT F, LDF (RLIN)
a 7
b cbc
c oclcrpl
d u
e ncip
f 19
g y-gencatlg
942 ## - ADDED ENTRY ELEMENTS (KOHA)
Source of classification or shelving scheme Library of Congress Classification
Koha item type Books
Classification part 1051
Item part DER
Call number prefix LB
Holdings
Withdrawn status Lost status Source of classification or shelving scheme Damaged status Not for loan Collection code Home library Current library Shelving location Date acquired Total Checkouts Full call number Barcode Date last seen Copy number Price effective from Koha item type
    Library of Congress Classification     Non-fiction City Campus Library City Campus Library General Stacks 11/06/2020   LB 1051 DER 1996 G19217 11/06/2020 C.1 11/06/2020 Books